000 01316cam a22003854i 4500
003 PE-LiUPU
005 20250731184056.0
008 150617s1970 sp a r 000 0 d
035 _a(Sirsi) a20081
040 _aPE-LiUPU
_bspa
_cPE-LiUPU
_erda
049 _aPRUA
082 0 4 _a861.12
_bM542p
_223
100 1 _aMenéndez Pidal, Ramón,
_d1869-1968,
_eautor.
_95529
245 0 0 _aPoema de Mio Cid /
_cTexto primitivo esatablecido por Ramón Menendez Pidal; Trnascripción moderna versificada de Luis Guarner; prólogo de Damaso Alonso.
250 _aSexta edición.
264 1 _a[Madrid] :
_bAguilar, S. A. de ediciones,
_c1963
300 _a722 páginas ;
_c12 centímetros
336 _atext
_2rdacontent
337 _aunmediated
_2rdamedia
338 _avolume
_2rdacarrier
490 0 _aColección Crisol ;
_v96
505 0 _aDestierro del Cid -- Bodas de las hijas del Cid -- La afrenta de Corpes.
526 _aP145
526 _aP127
526 _aP97
526 _aP14
526 _aP07
650 1 4 _aPoesía española.
_95530
700 _aGuarner, Luis,
_etraductor.
_95531
700 _aAlonso, Damaso,
_eprologuista.
_95532
942 _2ddc
_cBK
980 _81
_gALBERTO SANCHEZ Responsable de Automatización
999 _c19958
_d19958